[Event "4NCL Division Three Knights"]
[Site "Warwick, ENG"]
[Date "2024.01.14"]
[Round "4.42"]
[White "Brown, Alan M"]
[Black "Franco, Gaston"]
[Result "0-1"]
[WhiteElo "2015"]
[BlackElo "2040"]
[PlyCount "108"]
[EventDate "2024.01.14"]
[WhiteTeam "MK Phoenix"]
[BlackTeam "Celtic Tigers 2"]

1. d4 d5 2. c4 e6 3. Nf3 Nf6 4. Bg5 Be7 5. e3 O-O 6. Nc3 h6 7. Bh4 b6 8. cxd5 Nxd5 9. Bxe7 Qxe7 10. Be2 Bb7 11. O-O Nd7 12. Rc1 c5 13. Bd3 cxd4 14. Nxd4 Nxc3 15. Rxc3 Nc5 16. Bb1 Rfd8 17. Qg4 Rac8 18. Rfc1 Nd7 19. a3 Nf6 20. Qe2 Rxc3 21. Rxc3 Qd7 22. Rc1 Qd5 23. Nf3 Qh5 24. Rd1 Rxd1+ 25. Qxd1 g6 26. Bd3 Ng4 27. e4 Nxh2 28. Be2 Nxf3+ 29. Bxf3 Qe5 30. Qe2 Kg7 31. Kf1 Bc6 32. Qc2 Bb5+ 33. Kg1 Qd4 34. Be2 Ba4 35. b3 Bd7 36. b4 Qa1+ 37. Qd1 Qxd1+ 38. Bxd1 e5 39. g3 Bc6 40. Bc2 Kf6 41. Kg2 Kg5 42. Kh3 h5 43. Bd3 f5 44. exf5 gxf5 45. Be2 Bd7 46. Kg2 h4 47. gxh4+ Kxh4 48. Kf3 Bc6+ 49. Ke3 f4+ 50. Kd2 Kh3 51. Bc4 Kg2 52. Ke2 e4 53. Ba6 b5 54. Bc8 e3 0-1

[Event "4NCL Division Three Knights"]
[Site "Warwick, ENG"]
[Date "2024.01.14"]
[Round "4.43"]
[White "Pedersen, Carsten"]
[Black "Habershon, Paul F"]
[Result "1-0"]
[WhiteElo "2054"]
[BlackElo "1970"]
[PlyCount "103"]
[EventDate "2024.01.14"]
[WhiteTeam "Celtic Tigers 2"]
[BlackTeam "MK Phoenix"]

1. e4 Nf6 2. Nc3 d6 3. g3 g6 4. Bg2 Bg7 5. d3 O-O 6. f4 Nbd7 7. Nf3 c6 8. O-O Qc7 9. h3 b5 10. a3 Rb8 11. Qe1 Nb6 12. g4 a5 13. Nd1 a4 14. Qh4 c5 15. c3 c4 16. g5 Nfd7 17. d4 f5 18. gxf6 Nxf6 19. e5 Nh5 20. Ng5 h6 21. Ne4 Bf5 22. Ne3 Qd7 23. Nxf5 Rxf5 24. Bd2 Rbf8 25. Rad1 dxe5 26. fxe5 Rxf1+ 27. Rxf1 Rxf1+ 28. Bxf1 Nd5 29. Be2 Qf5 30. Bg4 Qf7 31. Bxh5 gxh5 32. Qg3 Kh7 33. Kg2 Qf5 34. Qf3 Qg6+ 35. Kf2 h4 36. Qg4 Qxg4 37. hxg4 Kg6 38. Kg2 h5 39. Kh3 hxg4+ 40. Kxg4 h3 41. Kxh3 Bh6 42. Bxh6 Kxh6 43. Kg4 Kg6 44. Kf3 Kf5 45. Ng3+ Ke6 46. Ke4 b4 47. Ne2 bxa3 48. bxa3 Nc7 49. d5+ Kd7 50. Nd4 Ke8 51. d6 exd6 52. exd6 1-0

[Event "4NCL Division Three Knights"]
[Site "Warwick, ENG"]
[Date "2024.01.14"]
[Round "4.44"]
[White "Valentine, Brian J"]
[Black "Brixel, Christof"]
[Result "0-1"]
[WhiteElo "1936"]
[BlackElo "1983"]
[PlyCount "82"]
[EventDate "2024.01.14"]
[WhiteTeam "MK Phoenix"]
[BlackTeam "Celtic Tigers 2"]

1. e4 c5 2. Nf3 Nc6 3. Bb5 Nf6 4. e5 Nd5 5. O-O g6 6. Nc3 Nc7 7. Bxc6 dxc6 8. h3 Bg7 9. d3 Ne6 10. Re1 O-O 11. a4 a5 12. b3 f6 13. Bb2 Nd4 14. Ne4 fxe5 15. Nfd2 b6 16. Nc4 b5 17. Ne3 Ne6 18. Ng4 Qc7 19. Qc1 c4 20. dxc4 bxc4 21. bxc4 Nd4 22. Ra3 Rf4 23. f3 Rb8 24. c3 Nxf3+ 25. gxf3 Qb6+ 26. Kg2 Qxb2+ 27. Qxb2 Rxb2+ 28. Kg3 h5 29. Ngf2 Bf6 30. Raa1 Bf5 31. Rab1 Bh4+ 32. Kg2 Rxe4 33. fxe4 Rxf2+ 34. Kh1 Bxh3 35. Re3 Bg4 36. Rb6 Bf3+ 37. Kg1 g5 38. Rxc6 g4 39. Rc8+ Kf7 40. Rb8 Rc2 41. Rd3 Rc1+ 0-1

[Event "4NCL Division Three Knights"]
[Site "Warwick, ENG"]
[Date "2024.01.14"]
[Round "4.45"]
[White "Lukic, Lazar"]
[Black "Matthews, Adrian M S"]
[Result "1-0"]
[WhiteElo "1911"]
[BlackElo "1850"]
[PlyCount "61"]
[EventDate "2024.01.14"]
[WhiteTeam "Celtic Tigers 2"]
[BlackTeam "MK Phoenix"]

1. e4 c5 2. Nf3 Nc6 3. Bd3 g6 4. O-O Bg7 5. c3 d6 6. h3 Nf6 7. Re1 O-O 8. Bc2 b5 9. d4 cxd4 10. cxd4 Bb7 11. Nc3 a6 12. Bg5 Rc8 13. Rc1 Na5 14. e5 dxe5 15. dxe5 Qxd1 16. Rexd1 Bxf3 17. gxf3 Nh5 18. Nd5 Kh8 19. Bxe7 Bh6 20. Bxf8 Bxc1 21. Rxc1 Rxf8 22. Bb3 Nxb3 23. axb3 Rd8 24. Nf6 Nf4 25. Kh2 g5 26. Ne4 h6 27. Rc7 Nd3 28. e6 Ne5 29. e7 Rb8 30. Nd6 Nxf3+ 31. Kg3 1-0

[Event "4NCL Division Three Knights"]
[Site "Warwick, ENG"]
[Date "2024.01.14"]
[Round "4.46"]
[White "Shaw, John S"]
[Black "Yedid, Lior"]
[Result "1/2-1/2"]
[WhiteElo "1787"]
[BlackElo "1777"]
[PlyCount "38"]
[EventDate "2024.01.14"]
[WhiteTeam "MK Phoenix"]
[BlackTeam "Celtic Tigers 2"]

1. d4 Nf6 2. Nf3 e6 3. c4 d5 4. Nc3 Be7 5. e3 a6 6. Bd3 dxc4 7. Bxc4 b5 8. Bd3 Bb7 9. O-O Nbd7 10. b3 O-O 11. Bb2 c5 12. Rc1 Rc8 13. Qe2 cxd4 14. Nxd4 g6 15. Nf3 Bxf3 16. gxf3 Qb6 17. Ne4 Rfd8 18. Nxf6+ Bxf6 19. Bxf6 Nxf6 1/2-1/2

[Event "4NCL Division Three Knights"]
[Site "Warwick, ENG"]
[Date "2024.01.14"]
[Round "4.51"]
[White "Farrand, Tom"]
[Black "Garcia Hernandez, Oscar"]
[Result "1/2-1/2"]
[WhiteElo "2149"]
[BlackElo "2164"]
[PlyCount "56"]
[EventDate "2024.01.14"]
[WhiteTeam "CSC/Kingston 2"]
[BlackTeam "Poole Patzers"]

1. e4 c5 2. Nc3 Nc6 3. f4 g6 4. Nf3 Bg7 5. Bb5 Nd4 6. O-O a6 7. Bc4 b5 8. Bd5 Rb8 9. d3 e6 10. Bb3 a5 11. a4 b4 12. Nb5 Nxb5 13. axb5 Rxb5 14. f5 gxf5 15. exf5 c4 16. fxe6 fxe6 17. Bxc4 Rf5 18. Qe2 Nh6 19. Bxh6 Bxh6 20. Nd4 Rxf1+ 21. Rxf1 Qg5 22. Nf5 Bf8 23. d4 Kd8 24. Qe5 Rg8 25. Qxa5+ Ke8 26. Qa8 Kd8 27. Qa5+ Ke8 28. Qa8 Kd8 1/2-1/2

[Event "4NCL Division Three Knights"]
[Site "Warwick, ENG"]
[Date "2024.01.14"]
[Round "4.52"]
[White "Waddington, Mike P"]
[Black "Frostick, Clive A"]
[Result "1/2-1/2"]
[WhiteElo "2109"]
[BlackElo "2119"]
[PlyCount "61"]
[EventDate "2024.01.14"]
[WhiteTeam "Poole Patzers"]
[BlackTeam "CSC/Kingston 2"]

1. e4 c5 2. Nf3 Nc6 3. d3 e6 4. g3 d5 5. Nbd2 Nf6 6. Bg2 Be7 7. O-O Qc7 8. Re1 b6 9. Nf1 dxe4 10. dxe4 Ba6 11. c3 Rd8 12. Qa4 Bd3 13. e5 b5 14. Qh4 Nd7 15. Qf4 h6 16. h4 Nb6 17. g4 Nd5 18. Qg3 O-O 19. g5 h5 20. Ne3 Nxe3 21. Bxe3 Rd7 22. Bf4 Rfd8 23. Nd2 Bf5 24. Ne4 Rd3 25. Qh2 Na5 26. Nd6 Bxd6 27. exd6 Qb6 28. Bf1 Rd5 29. Bg2 Rd3 30. Bf1 Rd5 31. Bg2 1/2-1/2

[Event "4NCL Division Three Knights"]
[Site "Warwick, ENG"]
[Date "2024.01.14"]
[Round "4.53"]
[White "Fegan, Chris"]
[Black "Weatherlake, John P"]
[Result "1-0"]
[WhiteElo "2072"]
[BlackElo "2047"]
[PlyCount "83"]
[EventDate "2024.01.14"]
[WhiteTeam "CSC/Kingston 2"]
[BlackTeam "Poole Patzers"]

1. e4 c5 2. Nf3 e6 3. g3 d5 4. Nc3 Nf6 5. exd5 exd5 6. d4 Nc6 7. Bg5 Bg4 8. Be2 Be7 9. dxc5 Qa5 10. O-O O-O-O 11. a3 Qxc5 12. Na4 Qa5 13. Nc3 Ne4 14. Bxe7 Nxe7 15. Nd4 Bxe2 16. Qxe2 f5 17. Nxe4 dxe4 18. Ne6 Rd6 19. Nxg7 h5 20. Rfd1 Rg6 21. Qc4+ Qc7 22. Qf7 Qe5 23. Nxf5 Qxf5 24. Qxe7 h4 25. Qb4 Qh5 26. Qc4+ Rc6 27. Qxe4 hxg3 28. hxg3 Qh2+ 29. Kf1 Rf6 30. Qg2 Qh5 31. g4 Qc5 32. b3 Qc3 33. Rac1 Qe5 34. Rd5 Qf4 35. Rcd1 Rfh6 36. Kg1 Rg6 37. R5d4 Qe5 38. Qe4 Qg7 39. Qf5+ Kb8 40. Rd8+ Rxd8 41. Rxd8+ Kc7 42. Rc8+ 1-0

[Event "4NCL Division Three Knights"]
[Site "Warwick, ENG"]
[Date "2024.01.14"]
[Round "4.54"]
[White "Bowden, Madison B"]
[Black "Amato, Giampiero"]
[Result "0-1"]
[WhiteElo "1990"]
[BlackElo "2051"]
[PlyCount "64"]
[EventDate "2024.01.14"]
[WhiteTeam "Poole Patzers"]
[BlackTeam "CSC/Kingston 2"]

1. d4 Nf6 2. Bf4 g6 3. Nc3 c5 4. d5 d6 5. e4 Bg7 6. Be2 O-O 7. Nf3 Na6 8. Qd2 Nc7 9. Ng5 b5 10. f3 b4 11. Nd1 h6 12. Nh3 Kh7 13. g4 Nfe8 14. c3 a5 15. Nhf2 e6 16. Ne3 exd5 17. Nxd5 Nxd5 18. exd5 bxc3 19. bxc3 Ba6 20. Bxa6 Rxa6 21. O-O Nf6 22. Rab1 Rb6 23. c4 Rb4 24. Qc2 Nxd5 25. Bd2 Rxb1 26. Rxb1 Nb4 27. Qa4 Bd4 28. Rb3 Re8 29. Bf4 Re1+ 30. Kg2 Re2 31. Bg3 Bxf2 32. Kf1 Rxa2 0-1

[Event "4NCL Division Three Knights"]
[Site "Warwick, ENG"]
[Date "2024.01.14"]
[Round "4.55"]
[White "Lawson, Maurice E"]
[Black "O'neill, Martin"]
[Result "1-0"]
[WhiteElo "2037"]
[BlackElo "1848"]
[PlyCount "87"]
[EventDate "2024.01.14"]
[WhiteTeam "CSC/Kingston 2"]
[BlackTeam "Poole Patzers"]

1. e4 c5 2. Nc3 e6 3. f4 d5 4. d3 Nc6 5. Nf3 Be7 6. g3 h5 7. h3 b6 8. Bg2 Bb7 9. O-O g6 10. Qe1 d4 11. Nd1 Qd7 12. Nf2 O-O-O 13. Bd2 Nh6 14. c4 Bf6 15. b4 cxb4 16. Bxb4 Nxb4 17. Qxb4 Be7 18. Qb2 Bc5 19. Nd2 f5 20. Nb3 Qc7 21. Nxc5 Qxc5 22. Rab1 Kc7 23. Qd2 Bc6 24. Rfc1 Qa5 25. Qe2 Rhe8 26. e5 Bxg2 27. Kxg2 Qc5 28. Kg1 Qc6 29. Nd1 h4 30. gxh4 Nf7 31. Qg2 Rh8 32. Qg3 Rh5 33. Nf2 Rdh8 34. Rb5 a6 35. Rb4 Rxh4 36. c5 b5 37. Rxd4 Nxe5 38. Rd6 Nf3+ 39. Kf1 Qb7 40. Rd7+ Kxd7 41. c6+ Qxc6 42. Rxc6 Nd4 43. Rxa6 e5 44. Qxg6 1-0

[Event "4NCL Division Three Knights"]
[Site "Warwick, ENG"]
[Date "2024.01.14"]
[Round "4.56"]
[White "Clancy, Martin J"]
[Black "Evans, Harry G"]
[Result "0-1"]
[WhiteElo "1840"]
[BlackElo "1960"]
[PlyCount "58"]
[EventDate "2024.01.14"]
[WhiteTeam "Poole Patzers"]
[BlackTeam "CSC/Kingston 2"]

1. e4 d5 2. exd5 Qxd5 3. Qf3 Nf6 4. Nc3 Qd8 5. Bb5+ c6 6. Be2 e5 7. d3 Be7 8. Qg3 Qa5 9. Bd2 Nbd7 10. Bf3 Kf8 11. Nd5 Qd8 12. Ne3 g6 13. Nc4 Kg7 14. h4 h5 15. Bc3 Re8 16. O-O-O Bc5 17. Nh3 Bd4 18. Nd6 Bxc3 19. Nxe8+ Qxe8 20. bxc3 Qd8 21. Be4 Qa5 22. Rhf1 Qxc3 23. Ng5 Nc5 24. Qe3 Bg4 25. f3 Bf5 26. Bxf5 gxf5 27. Qe1 Qa3+ 28. Kd2 Nxd3 29. cxd3 Qb2+ 0-1

[Event "4NCL Division Three Knights"]
[Site "Warwick, ENG"]
[Date "2024.01.14"]
[Round "4.61"]
[White "Robson, Ian A"]
[Black "Gill, Oliver"]
[Result "1-0"]
[WhiteElo "2052"]
[BlackElo "2250"]
[PlyCount "74"]
[EventDate "2024.01.14"]
[WhiteTeam "Wotton Hall"]
[BlackTeam "Wessex A"]

1. e4 c6 2. Nf3 d5 3. Nc3 dxe4 4. Nxe4 Nf6 5. Nxf6+ exf6 6. d4 Bd6 7. Bd3 O-O 8. O-O Bg4 9. Re1 Nd7 10. c3 Qc7 11. h3 Bh5 12. Be2 g5 13. Nd2 Bg6 14. Nc4 Bh2+ 15. Kh1 Rfe8 16. Bf3 Bc2 17. Qd2 Bf4 18. Ne3 Bg6 19. Qd1 Rad8 20. Bd2 Nf8 21. g3 Bd6 22. Kg2 Ne6 23. Nc4 Bf8 24. b4 Bg7 25. Be4 f5 26. Bf3 b6 27. Ne5 Bxe5 28. Rxe5 c5 29. bxc5 bxc5 30. Rc1 Qd6 31. Rd5 Qa6 32. Rxd8 Rxd8 33. d5 g4 34. hxg4 fxg4 35. dxe6 gxf3+ 36. Qxf3 Qxe6 37. Re1 Qxa2 1-0

[Event "4NCL Division Three Knights"]
[Site "Warwick, ENG"]
[Date "2024.01.14"]
[Round "4.62"]
[White "Wilson, Jaimie"]
[Black "Ashworth, Michael"]
[Result "1/2-1/2"]
[WhiteElo "2128"]
[BlackElo "2002"]
[PlyCount "163"]
[EventDate "2024.01.14"]
[WhiteTeam "Wessex A"]
[BlackTeam "Wotton Hall"]

1. c4 g6 2. Nc3 Bg7 3. e4 d6 4. d4 Nd7 5. Nf3 e5 6. Be2 Nh6 7. h3 f6 8. Be3 Nf7 9. Qd2 c6 10. O-O a5 11. Nh2 exd4 12. Bxd4 O-O 13. Rfe1 Nc5 14. Rad1 a4 15. Qc2 Qa5 16. Bg4 Ne6 17. Be3 a3 18. Bxe6 Bxe6 19. b3 f5 20. Bd2 Qc7 21. Nf3 Rfe8 22. Bf4 Rad8 23. c5 Qa5 24. Na4 fxe4 25. Rxe4 Bf5 26. Rxe8+ Rxe8 27. Qc1 dxc5 28. Qxa3 c4 29. Qc1 c3 30. Nd4 c2 31. Nxc2 b5 32. Bd2 Qa7 33. Nc3 Ne5 34. Be3 Qf7 35. Nd4 Bd7 36. Ne4 Qf8 37. Qc5 Qxc5 38. Nxc5 Bc8 39. f4 Nf7 40. Kf2 Rd8 41. Rd2 Bf8 42. Rc2 Rd5 43. Ne4 Kg7 44. Rxc6 Bd7 45. Rc7 b4 46. Nf3 Be7 47. Bd4+ Kf8 48. Nc5 Bf5 49. g4 Bd6 50. gxf5 Bxc7 51. Ne6+ Ke7 52. Nxc7 Rxf5 53. Na6 Rxf4 54. Nxb4 Rf5 55. Ke3 Nd6 56. Be5 Nf7 57. Bg3 g5 58. a4 Kd7 59. Ke4 Rc5 60. Nd5 Rc1 61. a5 Ra1 62. b4 h6 63. Be1 h5 64. Nf6+ Ke6 65. Nxh5 Nd6+ 66. Kd3 Ra3+ 67. Ke2 Kf5 68. Bd2 Ne4 69. Ng7+ Kg6 70. Ne6 Nxd2 71. Nxd2 Ra4 72. Nc5 Rxb4 73. a6 Rb2 74. Ke3 Ra2 75. Nc4 Kh5 76. Ne5 Ra3+ 77. Ned3 Kh4 78. Ke4 Kxh3 79. Kf5 g4 80. Nf4+ Kh4 81. Ng6+ Kh3 82. Nf4+ 1/2-1/2

[Event "4NCL Division Three Knights"]
[Site "Warwick, ENG"]
[Date "2024.01.14"]
[Round "4.63"]
[White "Ashworth, Robert"]
[Black "Lukosius, Rolandas"]
[Result "1/2-1/2"]
[WhiteElo "1877"]
[BlackElo "2080"]
[PlyCount "27"]
[EventDate "2024.01.14"]
[WhiteTeam "Wotton Hall"]
[BlackTeam "Wessex A"]

1. e4 c5 2. Nf3 e6 3. c3 d5 4. exd5 Qxd5 5. d4 Nf6 6. Nbd2 Nc6 7. Bc4 Qh5 8. Nb3 cxd4 9. Nbxd4 Nxd4 10. Qxd4 Be7 11. Ne5 O-O 12. Be2 Qf5 13. Bd3 Qh5 14. Be2 1/2-1/2

[Event "4NCL Division Three Knights"]
[Site "Warwick, ENG"]
[Date "2024.01.14"]
[Round "4.64"]
[White "Tambini, Jasper"]
[Black "Moldovan, Alexandru-Mitic"]
[Result "0-1"]
[WhiteElo "2042"]
[BlackElo "1828"]
[PlyCount "54"]
[EventDate "2024.01.14"]
[WhiteTeam "Wessex A"]
[BlackTeam "Wotton Hall"]

1. e4 e5 2. Nf3 Nf6 3. Nxe5 Nc6 4. Nxc6 dxc6 5. e5 Ng4 6. d4 h5 7. f3 Nh6 8. Be3 Nf5 9. Bf2 Be6 10. Nc3 Bb4 11. Qd2 Qe7 12. Bd3 O-O-O 13. a3 Ba5 14. b4 Bb6 15. d5 cxd5 16. Bxb6 axb6 17. Bxf5 Bxf5 18. Qf4 Bxc2 19. Rc1 Bd3 20. Kf2 Rh6 21. Rhd1 Bc4 22. Rd4 Re6 23. Re1 g5 24. Qf5 Kb8 25. h4 c5 26. Rdd1 d4 27. Na4 Bb3 0-1

[Event "4NCL Division Three Knights"]
[Site "Warwick, ENG"]
[Date "2024.01.14"]
[Round "4.65"]
[White "Bendall, Kevin N"]
[Black "Pleasants, Allan J"]
[Result "0-1"]
[WhiteElo "1632"]
[BlackElo "2010"]
[PlyCount "98"]
[EventDate "2024.01.14"]
[WhiteTeam "Wotton Hall"]
[BlackTeam "Wessex A"]

1. d4 g6 2. Bf4 Bg7 3. e3 d6 4. Nf3 Nf6 5. c3 O-O 6. Be2 Nbd7 7. h3 b6 8. Nbd2 Bb7 9. O-O Qe8 10. Qc2 e5 11. dxe5 dxe5 12. Bh2 Qe7 13. Rfe1 Rfe8 14. Rad1 a6 15. Bc4 b5 16. Bb3 c5 17. c4 e4 18. Ng5 b4 19. h4 Ng4 20. Bg3 Ndf6 21. Ba4 Red8 22. Bb3 h6 23. Nh3 Ne5 24. Bxe5 Qxe5 25. g3 Ng4 26. Rb1 g5 27. hxg5 hxg5 28. Kg2 Rd6 29. Qd1 Qf5 30. Qe2 Rad8 31. Nf1 Bc8 32. Ng1 Ne5 33. Red1 Nd3 34. Rd2 Rh6 35. Bd1 Qh7 36. g4 Be5 37. b3 Rh4 38. Rxd3 exd3 39. Qd2 Bb7+ 40. Bf3 Rxg4+ 41. Ng3 Bxg3 42. fxg3 Re4 43. Bxe4 Qxe4+ 44. Kf1 Rd6 45. Rd1 Rf6+ 46. Ke1 Qh1 47. Qxd3 Qxg1+ 48. Kd2 Qg2+ 49. Kc1 Be4 0-1

[Event "4NCL Division Three Knights"]
[Site "Warwick, ENG"]
[Date "2024.01.14"]
[Round "4.66"]
[White "De Coverly, Roger D"]
[Black "Norris, Zack"]
[Result "1/2-1/2"]
[WhiteElo "1982"]
[BlackElo "1608"]
[PlyCount "70"]
[EventDate "2024.01.14"]
[WhiteTeam "Wessex A"]
[BlackTeam "Wotton Hall"]

1. e4 e5 2. Nf3 Nc6 3. Bb5 Nf6 4. O-O d6 5. d3 Be7 6. c3 O-O 7. h3 a6 8. Ba4 b5 9. Bc2 d5 10. Qe2 dxe4 11. dxe4 Be6 12. Rd1 Qc8 13. b3 Qb7 14. Ng5 Bd7 15. Be3 h6 16. Nf3 Rfd8 17. Nbd2 Be6 18. Re1 Rd7 19. Nf1 Rad8 20. Ng3 Bd6 21. Rad1 Ne7 22. Nh2 c5 23. Qf3 Kh7 24. Ng4 Nfg8 25. Qe2 g6 26. Bc1 Nc6 27. Nf5 Bf8 28. Nfe3 Rxd1 29. Rxd1 Rxd1+ 30. Qxd1 h5 31. Nh2 Qd7 32. Nf3 Qxd1+ 33. Bxd1 Bh6 34. h4 f6 35. Bd2 Nge7 1/2-1/2

[Event "4NCL Division Three Knights"]
[Site "Warwick, ENG"]
[Date "2024.02.10"]
[Round "5.11"]
[White "Horton, Andrew P"]
[Black "Kett, Tim"]
[Result "1-0"]
[WhiteElo "2367"]
[BlackElo "2114"]
[PlyCount "91"]
[EventDate "2024.02.10"]
[WhiteTeam "Wotton Hall"]
[BlackTeam "Rhyfelwyr Essyllwg"]

1. d4 d6 2. c4 e5 3. Nf3 e4 4. Ng5 f5 5. Nc3 Be7 6. Nh3 Nf6 7. g3 O-O 8. Bg2 c6
9. O-O Na6 10. Qb3 Kh8 11. f3 Qe8 12. fxe4 fxe4 13. Ng5 Nc7 14. Ngxe4 Nxe4 15.
Rxf8+ Bxf8 16. Bxe4 Ne6 17. Be3 Be7 18. Qc2 Ng5 19. Bg2 Qh5 20. Rf1 Bh3 21.
Bxg5 Bxg5 22. Bxh3 Qxh3 23. Rf3 Qe6 24. d5 Qe7 25. Qe4 Rc8 26. Qxe7 Bxe7 27.
dxc6 bxc6 28. Kf2 Kg8 29. Ke3 Bf6 30. Kd2 Re8 31. Rd3 Re6 32. b4 Be5 33. b5
cxb5 34. cxb5 Rh6 35. h4 Rg6 36. Ne4 Rg4 37. Ke3 Bxg3 38. Nxg3 Rxg3+ 39. Kf4
Rxd3 40. exd3 Kf7 41. a4 Ke6 42. a5 Kd5 43. d4 a6 44. b6 Kc6 45. Kf5 Kd7 46. d5
1-0

[Event "4NCL Division Three Knights"]
[Site "Warwick, ENG"]
[Date "2024.02.10"]
[Round "5.12"]
[White "Brown, Thomas"]
[Black "Robson, Ian A"]
[Result "0-1"]
[WhiteElo "2128"]
[BlackElo "2075"]
[PlyCount "78"]
[EventDate "2024.02.10"]
[WhiteTeam "Rhyfelwyr Essyllwg"]
[BlackTeam "Wotton Hall"]

1. d4 d5 2. c4 e6 3. cxd5 exd5 4. Nc3 Nf6 5. Bf4 Bd6 6. Bxd6 Qxd6 7. e3 O-O 8.
Bd3 Re8 9. Nf3 Bg4 10. Qb3 Nc6 11. O-O a6 12. Rac1 b5 13. Be2 Rac8 14. h3 Bf5
15. Nh4 Be6 16. Qc2 Ne7 17. a4 b4 18. Nb1 Nd7 19. Bd3 g6 20. Qe2 Ra8 21. Nf3 c5
22. dxc5 Nxc5 23. Nd4 Nxa4 24. f4 f5 25. Qc2 Bd7 26. Qc7 Qxc7 27. Rxc7 Nxb2 28.
Bxa6 Rxa6 29. Rxd7 Nc6 30. Rc1 Nc4 31. Nxc6 Rxc6 32. Rxd5 Nxe3 33. Rdd1 Nxd1
34. Rxc6 Re1+ 35. Kh2 Ne3 36. Rc8+ Kf7 37. Nd2 Re2 38. Nf3 b3 39. Rc7+ Ke8 0-1

[Event "4NCL Division Three Knights"]
[Site "Warwick, ENG"]
[Date "2024.02.10"]
[Round "5.13"]
[White "Ashworth, Michael"]
[Black "Heaven, Pete"]
[Result "1/2-1/2"]
[WhiteElo "2001"]
[BlackElo "1971"]
[PlyCount "75"]
[EventDate "2024.02.10"]
[WhiteTeam "Wotton Hall"]
[BlackTeam "Rhyfelwyr Essyllwg"]

1. d4 Nf6 2. c4 e6 3. Nf3 c5 4. d5 exd5 5. cxd5 d6 6. Nc3 g6 7. Bf4 a6 8. a4
Bg7 9. e3 Nh5 10. Bg5 Qc7 11. Be2 Bg4 12. Nd2 Bxe2 13. Qxe2 Nd7 14. O-O O-O 15.
Nc4 Ne5 16. Nxe5 Bxe5 17. g4 Bf6 18. Bh6 Bg7 19. Bg5 Nf6 20. Qf3 Nd7 21. Bf4
Ne5 22. Bxe5 Bxe5 23. Rac1 Qe7 24. Qh3 Rae8 25. Rfd1 f5 26. f4 Bg7 27. g5 Qxe3+
28. Qxe3 Rxe3 29. Kf2 Rfe8 30. Re1 Rxe1 31. Rxe1 Rxe1 32. Kxe1 Bd4 33. Ke2 Kf7
34. Kd3 Ke7 35. a5 Kd7 36. Na4 Bg1 37. Nb6+ Kc7 38. h3 1/2-1/2

[Event "4NCL Division Three Knights"]
[Site "Warwick, ENG"]
[Date "2024.02.10"]
[Round "5.14"]
[White "Hewitt, William"]
[Black "Ashworth, Robert"]
[Result "1-0"]
[WhiteElo "1977"]
[BlackElo "1881"]
[PlyCount "113"]
[EventDate "2024.02.10"]
[WhiteTeam "Rhyfelwyr Essyllwg"]
[BlackTeam "Wotton Hall"]

1. e4 e5 2. Nf3 Nc6 3. Nc3 Nf6 4. d4 exd4 5. Nxd4 Bb4 6. Nxc6 bxc6 7. Bd3 d5 8.
exd5 cxd5 9. O-O O-O 10. h3 Be6 11. Qf3 Re8 12. Bg5 Be7 13. Rad1 c6 14. b3 Qc7
15. Ne2 Nd7 16. Bf4 Bd6 17. Bxd6 Qxd6 18. c4 Qe7 19. cxd5 Bxd5 20. Qg3 Nf6 21.
Nd4 Ne4 22. Qf4 Qd6 23. Qxd6 Nxd6 24. Rc1 Rac8 25. Rfd1 g6 26. Ba6 Rcd8 27.
Nxc6 Bxc6 28. Rxc6 Nf5 29. Rxd8 Rxd8 30. Rc8 Rxc8 31. Bxc8 Nd6 32. Ba6 Kg7 33.
Kf1 Kf6 34. Ke2 Ke5 35. Ke3 Kd5 36. f4 Kc5 37. a3 f6 38. Kd3 Kb6 39. Bc4 Kc5
40. b4+ Kc6 41. g4 g5 42. fxg5 fxg5 43. Kd4 h6 44. a4 Kd7 45. Bd5 Ne8 46. Kc5
Nf6 47. b5 h5 48. Bf3 hxg4 49. hxg4 Kc7 50. a5 Nd7+ 51. Kd5 Nf6+ 52. Ke6 Ne8
53. Be2 Nd6 54. b6+ axb6 55. axb6+ Kc6 56. Bf3+ Kc5 57. b7 1-0

[Event "4NCL Division Three Knights"]
[Site "Warwick, ENG"]
[Date "2024.02.10"]
[Round "5.15"]
[White "Maclannan, Richard"]
[Black "Hatchett, Paul"]
[Result "1-0"]
[WhiteElo "1764"]
[BlackElo "1916"]
[PlyCount "81"]
[EventDate "2024.02.10"]
[WhiteTeam "Wotton Hall"]
[BlackTeam "Rhyfelwyr Essyllwg"]

1. e4 Nf6 2. Nc3 d5 3. e5 d4 4. exf6 dxc3 5. fxg7 cxd2+ 6. Qxd2 Qxd2+ 7. Bxd2
Bxg7 8. O-O-O Be6 9. Bf4 c6 10. a4 Nd7 11. Nf3 Nc5 12. a5 Bd5 13. Be2 b6 14.
Be3 Na4 15. Rxd5 Bxb2+ 16. Kb1 Nc3+ 17. Kxb2 Nxd5 18. Ra1 O-O 19. Bh6 Rfb8 20.
a6 b5 21. Ne5 Rd8 22. Bh5 Rd6 23. Nxf7 Rf6 24. Ra3 Nf4 25. Rg3+ Ng6 26. Ne5 Kh8
27. Nxg6+ hxg6 28. Rxg6 Rxf2 29. Bf3 Rc8 30. Be3 Rf1 31. Bd4+ Kh7 32. Rg7+ Kh6
33. Rxe7 c5 34. Be3+ Kg6 35. Rxa7 c4 36. Rb7 c3+ 37. Ka2 Rc4 38. Rxb5 Ra4+ 39.
Kb3 Rfa1 40. Kxc3 Rxa6 41. Rb6+ 1-0

[Event "4NCL Division Three Knights"]
[Site "Warwick, ENG"]
[Date "2024.02.10"]
[Round "5.16"]
[White "Trevelyan, John"]
[Black "Jewell, Frank"]
[Result "1-0"]
[WhiteElo "1850"]
[BlackElo "1478"]
[PlyCount "170"]
[EventDate "2024.02.10"]
[WhiteTeam "Rhyfelwyr Essyllwg"]
[BlackTeam "Wotton Hall"]

1. d4 Nf6 2. c4 g6 3. Nc3 Bg7 4. e4 d6 5. Be2 O-O 6. Nf3 e5 7. dxe5 dxe5 8.
Qxd8 Rxd8 9. Bg5 Nc6 10. Bxf6 Bxf6 11. Nd5 Bg7 12. Nxc7 Rb8 13. Nd5 f5 14. Bd3
Bf8 15. O-O Nb4 16. Nxb4 Bxb4 17. Rad1 Re8 18. Bc2 fxe4 19. Bxe4 Bg4 20. Rd3
Bxf3 21. Rxf3 Bc5 22. Rd1 Bd4 23. Bd5+ Kh8 24. Kf1 Rf8 25. b4 b6 26. b5 Rxf3
27. Bxf3 Rf8 28. Rd2 g5 29. h3 Rf4 30. Bd5 h6 31. f3 Kg7 32. Rd3 Bc5 33. Be4
Bd4 34. Ra3 Rf7 35. Bd5 Re7 36. Ke2 Kf6 37. Kd3 Kf5 38. Be4+ Kf6 39. Ke2 Rc7
40. Bd5 Kf5 41. g3 Re7 42. Rd3 Bc5 43. Be4+ Kf6 44. Rd8 Kg7 45. Bd5 Kg6 46. Rc8
Kg7 47. Rc6 Rd7 48. a4 Bd4 49. Rc8 Re7 50. Rg8+ Kh7 51. Rd8 Bc5 52. Rc8 Bb4 53.
Be4+ Kg7 54. Rc6 Rd7 55. Bd3 Bd6 56. Rc8 Rc7 57. Rd8 Bf8 58. Ke3 Bc5+ 59. Ke4
Bd4 60. Kd5 Rf7 61. Be4 h5 62. g4 hxg4 63. hxg4 Kf6 64. Kd6 Bc5+ 65. Kc6 Ke7
66. Ra8 Kf6 67. Bf5 Re7 68. Rg8 Rg7 69. Rh8 Re7 70. Rh6+ Kf7 71. a5 Be3 72. a6
Kg7 73. Rh7+ Kf8 74. Rh8+ Kg7 75. Rd8 Kf7 76. Ra8 Kf6 77. Kd6 Rg7 78. Be4 Bc5+
79. Kc6 Ke6 80. Bd5+ Kf6 81. Be4 Ke6 82. Rb8 Bd6 83. Bf5+ Ke7 84. Rb7+ Kf6 85.
Rxg7 Kxg7 1-0

[Event "4NCL Division Three Knights"]
[Site "Warwick, ENG"]
[Date "2024.02.10"]
[Round "5.21"]
[White "Buanne, Luca"]
[Black "Ciuravin, Andrei"]
[Result "1-0"]
[WhiteElo "2110"]
[BlackElo "2179"]
[PlyCount "53"]
[EventDate "2024.02.10"]
[WhiteTeam "CSC/Kingston 2"]
[BlackTeam "Hull & East Riding Tigers"]

1. e4 g6 2. d4 Bg7 3. Nc3 d6 4. Be3 c6 5. Qd2 b5 6. Nf3 Nd7 7. a3 a6 8. Be2 Qc7
9. O-O h6 10. h3 Ngf6 11. Rad1 Nb6 12. Rfe1 Kf8 13. Bf4 g5 14. Bh2 g4 15. e5
gxf3 16. exf6 fxe2 17. fxg7+ Kxg7 18. Qxe2 Be6 19. Rd3 Rag8 20. Qh5 Nd5 21.
Rxe6 Nf6 22. Rxf6 exf6 23. Ne4 Rd8 24. Ng3 Kf8 25. Nf5 Rd7 26. Re3 Qd8 27. Bf4
1-0

[Event "4NCL Division Three Knights"]
[Site "Warwick, ENG"]
[Date "2024.02.10"]
[Round "5.22"]
[White "Varley, Joe"]
[Black "Hasson, Peter"]
[Result "1/2-1/2"]
[WhiteElo "2059"]
[BlackElo "2087"]
[PlyCount "113"]
[EventDate "2024.02.10"]
[WhiteTeam "Hull & East Riding Tigers"]
[BlackTeam "CSC/Kingston 2"]

1. e4 d6 2. d4 Nf6 3. Nc3 g6 4. f3 a6 5. Be3 b5 6. Qd2 Nbd7 7. g4 Nb6 8. h4 h5
9. g5 Nfd7 10. f4 b4 11. Nd1 c5 12. Nf3 Bb7 13. Nf2 Bg7 14. O-O-O O-O 15. dxc5
dxc5 16. Qe2 Qc7 17. Nd2 a5 18. Rh3 Rfc8 19. e5 Nd5 20. Nfe4 Ba6 21. Qf2 c4 22.
Nb1 Bb7 23. c3 a4 24. cxb4 c3 25. Nbxc3 a3 26. Nc5 axb2+ 27. Kxb2 Nxc5 28. Bxc5
e6 29. Nxd5 Bxd5 30. a3 Bf8 31. Rc3 Qb7 32. Rdc1 Rd8 33. Bxf8 Rxf8 34. Rc7 Rxa3
35. Rxb7 Ra2+ 36. Kc3 Rxf2 37. Rc7 Rxf4 38. b5 Rb8 39. Rb1 Be4 40. Rd1 Bd5 41.
Bc4 Rxh4 42. Bxd5 exd5 43. Rxd5 Rf4 44. b6 Rf1 45. Kc2 Rf2+ 46. Kc3 Rf1 47. Kc2
Rf2+ 48. Kd3 Rb2 49. e6 fxe6 50. Rdd7 R2xb6 51. Rg7+ Kh8 52. Rh7+ Kg8 53. Ke4
e5 54. Rcg7+ Kf8 55. Ra7 Kg8 56. Rhg7+ Kh8 57. Rh7+ 1/2-1/2